| 000 | 00623nam a2200169 i 4500 | ||
|---|---|---|---|
| 001 | 56639 | ||
| 003 | ES-MaACL | ||
| 005 | 20230906163421.0 | ||
| 007 | t| | ||
| 008 | 031010s1972 sp ||||1| spa d | ||
| 245 | 0 | 0 |
_aDiecisiete lecciones sobre regímenes especiales de la Seguridad Social / _cpor Gaspar Bayón Chacón ... [et al.]. |
| 260 |
_aMadrid : _bUniversidad de Madrid, Departamento de Derecho del Trabajo, _c1972. |
||
| 300 |
_a555 p. ; _c22 cm. |
||
| 700 | 1 |
_aBayón Chacón, Gaspar. _926713 |
|
| 740 | 0 | _a17 lecciones sobre regímenes especiales de la Seguridad Social. | |
| 852 |
_aES-MaACL _jC-51931 _bR.85548 |
||
| 999 |
_c56639 _d56639 |
||